000 00524nam a2200193Ia 4500
003 GCL
008 140319s9999 xx 000 0 ara d
040 _aGCL /
_cGCL
082 0 4 _a921.3
_bف ه
100 1 _aفؤاد زكريا
245 1 0 _aهربرت ماركيوز /
_cفؤاد زكريا
260 _a[S.N] :
_bمكتبة مصر ،
_c1991
300 _a112 ص
490 _a
650 0 4 _aالفلسفة
650 0 4 _aالفلسفة الحديثة
650 0 4 _aالحركات الفكرية
942 _2ddc
_cBK
999 _c34637
_d34637